Wirral Towns & Villages - Statistics

General Stats
  • This quiz has been taken 795 times
  • The average score is 26 of 50
Answer Stats
Answer % Correct
Birkenhead
96%
West Kirby
83%
New Brighton
82%
Wallasey
81%
Heswall
79%
Hoylake
76%
Bebington
75%
Bromborough
71%
Rock Ferry
69%
Moreton
68%
Greasby
66%
Meols
66%
Port Sunlight
66%
Prenton
66%
Leasowe
64%
Upton
64%
Bidston
61%
Irby
61%
New Ferry
61%
Caldy
60%
Eastham
60%
Liscard
58%
Frankby
54%
Oxton
54%
Pensby
54%
Seacombe
54%
Tranmere
53%
Barnston
49%
Thurstaston
49%
Woodchurch
48%
Thingwall
47%
Spital
46%
Thornton Hough
45%
Claughton
42%
Noctorum
41%
Egremont
40%
Gayton
40%
Newton
40%
Raby
39%
Brimstage
38%
Clatterbridge
36%
Poulton
34%
Saughall Massie
33%
Wallasey Village
26%
Raby Mere
25%
Storeton
25%
Grange
24%
Landican
23%
Woodside
18%
Larton
17%
No matching quizzes found
Score Distribution
Percent of People with Each Score
Percentile by Number Answered
Your Score History
You have not taken this quiz